| 000 | 00837nam a2200277Ia 4500 | ||
|---|---|---|---|
| 001 | Para_1980 | ||
| 003 | CHAP | ||
| 008 | 220125s1998 xx 000 0 und d | ||
| 010 | _a200575 | ||
| 040 | _cCHAP | ||
| 082 | _aPA 589.2 C7 | ||
| 100 |
_aCrous, Pedro W. _9165440 |
||
| 245 |
_aMycosphaerella spp. and their anamorphs : _b associated with leaf spot diseases of Eucalyptus / _c by Pedro W. Crous |
||
| 260 |
_aSt. Paul Minn. : _b American Phytopathological Society |
||
| 300 | _a170 p. | ||
| 650 |
_aEucalipto _x enférmedades _938813 |
||
| 650 |
_aMycosphaerella _979930 |
||
| 710 |
_aAmerican Phytopathological Society _95265 |
||
| 901 | _aPA 589.2 C7 | ||
| 902 | _aA | ||
| 905 | _a0000001998 a 0000000000 00 | ||
| 910 | _a1998 | ||
| 942 | _cPARA | ||
| 942 |
_cPARA _d1 |
||
| 999 |
_c200575 _d200575 |
||